000 00511nam a2200181Ia 4500
999 _c30880
_d30880
003 OSt
005 20200730103430.0
008 190216s9999||||xx |||||||||||||| ||und||
020 _a0074515632
040 _coclc
082 _a512.02
_bCHA/A
100 _aChaudhuri, N P
_93866
245 0 _aAbstract Algebra /
_cN P Chaudhuri
260 _bTata Mcgrawhill Publishers,
_c1983.
_aNew Delhi:
300 _a152p
650 _aMathematics
942 _cBK
_2ddc
_h512.02
_iCHA/A
_k512.02
_mCHA/A